Statistics for World's Biggest Non-Coastal Cities on Islands

Click here to take the quiz!

General Stats

  • This quiz has been taken 125 times
  • The average score is 7 of 14

Answer Stats

PopulationCity% Correct
3.00 milManchester
87%
3.08 milBirmingham
85%
1.64 milGlasgow
79%
2.10 milLeeds
78%
2.28 milAntananarivo
70%
1.53 milSheffield
70%
6.05 milBandung
52%
1.35 milNottingham
46%
1.71 milPalembang
28%
1.30 milYogyakarta
18%
1.44 milMalang
11%
1.23 milSurakarta
11%
2.38 milTaichung
11%
1.38 milAngeles
8%

Score Distribution

Percentile by Number Answered

Percent of People with Each Score

Your Score History

You have not taken this quiz